00938 2200325 4500001002100000005001500021035002000036008004100056245009200097100001900189260003400208300001900242020002200261084002000283082001000303650004700313700001900360700002400379700002500403700002000428700001800448700001900466700001800485700001800503700001700521700001200538700002100550700002100571990002000592INLIS00000000000792420260424031144 a0010-0426000112260424 0 ind 1 aBanyak Jalan Menuju Sukses :bSemangat Anak Muda Membangun Usaha /cAchmad Ridwan., dkk aRidwan, Achmad aBalikpapan :bKP Books,c2012 a398 ;c21 x 14 a978-602-19626-6-4 a158.1 RID B C.1 a158.1 4aPerbaikan Pribadi, Penghidupan yang Sukses aRikip Agustani aRita Oktaviana Sari aRahmat Setya Hidayat aFauzan Ramadhan aAris Darmawan aRobithoh Johan aYudha Almerio aNanci Sambeka aEdwin Irawan aM Rifqi aBenny Oktaryanto aN Ulfa Apriliani a260311200011264